logo

Bir Sreshtho Munshi Abdur Rouf Library
Jhenaidah Cadet College

Real Writing with answers 3 / (Record no. 591)

MARC details
000 -LEADER
fixed length control field 00615nam a2200229 a 4500
001 - CONTROL NUMBER
JCCL Control Number 591
003 - CONTROL NUMBER IDENTIFIER
JCCL marc code BD-JhCC
005 - DATE AND TIME OF LATEST TRANSACTION
control field 20171007195203.0
008 - FIXED-LENGTH DATA ELEMENTS--GENERAL INFORMATION
fixed length control field 171007s20082010ii a|||| |||| 000 0 eng d
020 ## - INTERNATIONAL STANDARD BOOK NUMBER
International Standard Book Number 9780521152143
035 ## - SYSTEM CONTROL NUMBER
system control number (BD-JhCC)591
040 ## - CATALOGING SOURCE
Original cataloging agency BD-JhCC
Modifying agency BD-JhCC
041 ## - LANGUAGE CODE
Language code of Book eng
082 ## - DEWEY DECIMAL CLASSIFICATION NUMBER
Classification number 428.24
Author mark and Year GOW 2010
100 ## - MAIN ENTRY--PERSONAL NAME
Personal name Growr, Roger
245 ## - TITLE STATEMENT
Title Real Writing with answers 3 /
Statement of responsibility, etc Roger Growr,
260 ## - PUBLICATION, DISTRIBUTION, ETC. (IMPRINT)
Place of publication, distribution, etc New Delhi:
Name of publisher, distributor, etc Cambridge University Press India Pvt. Ltd.
Date of publication, distribution, etc 2010
300 ## - PHYSICAL DESCRIPTION
Pagination 110 p.;
Other physical details ii
Dimensions 26cm.
650 ## - SUBJECT ADDED ENTRY--TOPICAL TERM
Topical term or geographic name as entry element English Language-
General subdivision Spoken english
942 ## - ADDED ENTRY ELEMENTS (KOHA)
Source of classification or shelving scheme Dewey Decimal Classification
Koha item type Books
Holdings
Source of classification or shelving scheme Damaged status Not for loan Home library Current library Shelving location Total Checkouts Full call number Barcode Date last seen Copy number Koha item type
Dewey Decimal Classification     JCC Rouf Library JCC Rouf Library General Stacks   428.24 GOW 2010 1190 10/07/2017 C-3 Books

JCC Library | Contacts | JCC Home

Last Update on 23 September 2017
Copyright @ 2017-2020 JCC Rouf Library
Rouf Library, Jhenidah Cadet College (JCC), Bangladesh